00572 a2200205 4500001000700000020001500007041000800022090001500030100001700045250001000062300001000072490001800082830001800100040002500118245004200143260004400185942000700229952011100236999001900347108728 a0780273141 apor aYear 2 [E] aCowley, Joy. a. ed. a16 p. aThe story box aThe story box aBR-BrIDEAcBR-BrIDEA10aThe hungry Giant's lunchc Joy Cowley a[S.l.]bWright group/McGraw-Hill.c2013 cBK 00102ddc4070a12.28b12.28d2013-03-07l0oYear 2 [E]p00000836SSWr2024-01-23 14:39:46w2024-01-23yBK c108728d108728